Desastres naturales en América Latina

Saved in:
Bibliografiske detaljer
Main Authors: Lugo Hubp, José (autor), Inbar, Moshe (Author)
Format: Bog
Sprog:spansk
portugisisk
Udgivet: Ciudad de México Fondo de Cultura Económica 2002
Serier:Sección de Obras de Ciencia y Tecnología
Fag:
Tags: Tilføj Tag
Ingen Tags, Vær først til at tagge denne postø!

MARC

LEADER 00000nam a2200000 a 4500
001 UCL2495
003 CL-VaPUC
008 031024e20020000MX |||||||||||||||||spa|d
020 |a 9681664000 
041 0 7 |a spa  |2 CL-VaPUC 
041 0 7 |a por  |2 CL-VaPUC 
082 0 4 |a 551  |b LUG  |2 21 
100 |a Lugo Hubp, José  |e autor  |9 479602 
700 0 |a Inbar, Moshe  |e author  |9 479603 
245 1 0 |a Desastres naturales en América Latina 
300 |a 501 p 
942 |c BK 
945 |d 20031024 00:00:00  |a cmena 
260 |a Ciudad de México  |b Fondo de Cultura Económica  |c 2002 
650 0 |a Desastres naturales  |9 269276 
650 0 |a Geomorfología   |9 261377 
650 0 |a Erupciones volcánicas   |9 361520 
650 0 |a Terremotos  |9 267728 
650 0 |a Incendios forestales  |9 320249 
651 0 |a América Latina   |9 255027 
583 |a last modification  |c 20031024 00:00:00  |k Rodrigo Vera 
490 0 |a Sección de Obras de Ciencia y Tecnología 
999 |c 305799  |d 305797 
952 |0 0  |1 0  |4 0  |6 551_000000000000000_LUG_2002  |7 0  |8 A  |9 370213  |a BIBING  |b BIBING  |d 2019-11-21  |i 3956717  |l 1  |o 551 LUG 2002  |p 3956717  |r 2025-04-21  |s 2025-04-21  |w 2019-11-21  |y BK  |k GEO